000 00864nam a2200265 a 4500
001 22889
003 BD-RjUL
005 20211209000851.0
008 140309s1961 ctuc 001 0 eng
035 _a01-944//r843
035 _a(BD-RjUL)22954
_a(OCoLC)221224767
040 _aDLC
_cDLC
_dBD-RjUL
_beng
041 _aeng
082 _a942.0520924
_bMOS 1961
100 1 _aMore, Thomas
_970581
245 1 0 _aSt. Thomas More :
_bselected letters /
_cThomas More, edited by Elizabeth Frances Rogers.
260 _aNew Haven :
_bYale University Press,
_cc1961
300 _axxiii, 271 p. :
_bill.,port ;
_c22 cm
504 _aIncludes index.
600 _aMore, Thomas, - Sir, Saint, - 1478-1535 - Congresses.
_970598
700 1 _aRogers, Elizabeth Frances
_d1892-1974
_967283
942 _2ddc
_cBK
999 _c22889
_d22889